| 000 | 00674nam a22002174i 4500 | ||
|---|---|---|---|
| 999 |
_c7652 _d7652 |
||
| 001 | 991060548579006706 | ||
| 003 | OSt | ||
| 005 | 20230322102514.0 | ||
| 008 | 220603s2022 sp a 000 0 spa c | ||
| 017 | _aDL M 9993-2022 | ||
| 020 | _a9788419199171 | ||
| 040 |
_aES-BaUOC _bcat _erda _cCDMR |
||
| 100 | 1 | _aPortugal Bueno, María del Carmen, | |
| 245 | 1 | 0 |
_aGuía de protocolo institucional para periodistas y comunicadores / _cMª del Carmen Portugal Bueno |
| 264 | 1 |
_aMadrid : _bSindéresis, _c2022 |
|
| 300 |
_a183 pàgines : _bil·lustracions; _c22 cm |
||
| 650 | 0 |
_aComunicació en l'empresa _92798 _zEspanya |
|
| 908 | _aUOC | ||
| 940 | _aCVA2 | ||
| 942 |
_2udc _cMON |
||